000 00423nam a2200133 4500
999 _c6230
_d6230
008 170217b xxu||||| |||| 00| 0 eng d
082 _aDPer 910.5 T69 Jan-Aug 2015 v. 1-4
245 _aSoaking up sun and history in Malta.
260 _aPhilippines:
_bOne Mega Group,
_c©2015.
300 _av2, pages 56-59:
_billustrations;
_c28 cm.
500 _aTravel Now.
650 0 _918800
_aTourist trade
_zMalta
942 _2ddc
_cPER